História da cománhia de Jesus na assintência de Portugal / [por] Francisco Rodriguez, S.J.

Gardado en:
Detalles Bibliográficos
Autor Principal: Rodriguez, Francisco (autor)
Formato: Libro
Temas:
Etiquetas: Engadir etiqueta
Sen Etiquetas, Sexa o primeiro en etiquetar este rexistro!

MARC

LEADER 00000nam^a2200000^u^4500
001 000541758
005 20250521000000.0
008 060220s1000^^^^^^^^^^^^r^^^^^000^0^spa^d
009 20260310131231.602
035 |a FMI 000010165 
037 |a Acervo Xavier Clavigero 
096 |a 3.3/23/C 
100 |a Rodriguez, Francisco  |e (autor) 
245 1 0 |a História da cománhia de Jesus na assintência de Portugal / [por] Francisco Rodriguez, S.J. 
264 |a Pôtro : Apostolado da impresa, 1944 
300 |a XXVI-592 p. 
336 |a texto  |b txt  |2 rdacontenido 
337 |a sin mediación  |b n  |2 rdamedio 
338 |a volumen  |b nc  |2 rdasoporte 
597 |a Tômo III : A provincia portuguesa no século XVII, 1615-1700. Volume I : Nos colégios, nas ciências e letras, na côrte 
649 |a XX 
650 |a HISTORIA DE LA S.J. 
910 |a Fondo Francisco Migoya Covarrubias S.J. 
920 |a Impresos - Libros 
930 |a Fondos Especiales 
905 |a 134 
901 |a SBC11168  |b IT2  |c ESP  |u 20250521 
902 |a https://opac.biblio.iteso.mx/vufind/Record/000541758